El arbolado urbano de la zona metropolitana de la Ciudad de México (Record no. 83762)
[ view plain ]
| 000 -CABECERA | |
|---|---|
| campo de control de longitud fija | 00803nam a2200217 a 4500 |
| 005 - FECHA Y HORA DE LA ÚLTIMA TRANSACCIÓN | |
| campo de control | 20250530150057.0 |
| 008 - ELEMENTOS DE LONGITUD FIJA--INFORMACIÓN GENERAL | |
| campo de control de longitud fija | 010719s1991 r 000 0 eng d |
| 020 ## - NÚMERO INTERNACIONAL NORMALIZADO PARA LIBROS | |
| Número Internacional Estándar del Libro | 9706200037 |
| 035 ## - NÚMERO DE CONTROL DEL SISTEMA | |
| Número de control de sistema | UPN01000109852 |
| 040 ## - FUENTE DE LA CATALOGACIÓN | |
| Centro catalogador/agencia de origen | MX-MxUPN |
| Lengua de catalogación | spa |
| 041 0# - CÓDIGO DE IDIOMA | |
| Código de lengua del texto/banda sonora o título independiente | spa |
| 050 #4 - SIGNATURA TOPOGRÁFICA DE LA BIBLIOTECA DEL CONGRESO | |
| Número de clasificación | SB435.6 M62 |
| Número de documento/Ítem | C53 1991 |
| 245 13 - MENCIÓN DE TÍTULO | |
| Título | El arbolado urbano de la zona metropolitana de la Ciudad de México |
| 260 ## - PUBLICACIÓN, DISTRIBUCIÓN, ETC. | |
| Lugar de publicación, distribución, etc. | México, D.F. : |
| Nombre del editor, distribuidor, etc. | Universidad Autónoma Metropolitana, Unidad Azcapotzalco : |
| -- | Unesco, Programme on Man and the Biosphere : |
| -- | Instituto de Ecología, |
| Fecha de publicación, distribución, etc. | 1991 |
| 300 ## - DESCRIPCIÓN FÍSICA | |
| Extensión | 380 páginas : |
| Otras características físicas | fotografías |
| 490 0# - MENCIÓN DE SERIE | |
| Mención de serie | Ciencia y tecnología ; |
| Designación de volumen o secuencia | 2 |
| 650 #4 - ASIENTO SECUNDARIO DE MATERIA - TERMINO TEMATICO | |
| Término de materia o nombre geográfico como elemento de entrada | Árboles |
| Subdivisión geográfica | Ciudad de México |
| 9 (RLIN) | 56756 |
| 700 1# - ASIENTO SECUNDARIO--NOMBRE DE PERSONAL | |
| Nombre de persona | López-Moreno, Ismael R. |
| 9 (RLIN) | 56757 |
| Término indicativo de función/relación | edición |
| 902 ## - ELEMENTOS DE DATOS B LOCAL, LDB (RLIN) | |
| Modificó | VíctorGodínez/300525 |
| 942 ## - ELEMENTOS DE PUNTO DE ACCESO ADICIONAL (KOHA) | |
| Fuente del sistema de clasificación o colocación | Library of Congress Classification |
| Tipo de ítem Koha | Libro |
| Estado de retiro | Estado de pérdida | Fuente del sistema de clasificación o colocación | Estado dañado | No para préstamo | Localización permanente | Ubicación/localización actual | Total de préstamos | Clasificación | Código de barras | Fecha visto por última vez | Tipo de ítem Koha | Código de colección | Ubicación en estantería | Fecha de adquisición | Precio válido a partir de |
|---|---|---|---|---|---|---|---|---|---|---|---|---|---|---|---|
| Library of Congress Classification | Bib. Gregorio Torres Quintero | Bib. Gregorio Torres Quintero | SB435.6 M62 C53 1991 | 183182 | 31/12/2020 | Libro | |||||||||
| Library of Congress Classification | Bib. Gregorio Torres Quintero | Bib. Gregorio Torres Quintero | SB435.6 M62 C53 1991 | 183181 | 31/12/2020 | Libro | |||||||||
| Library of Congress Classification | Disponible (Préstamo en sala) | Bib. Gregorio Torres Quintero | Bib. Gregorio Torres Quintero | SB435.6 M62 C53 1991 | U13871 | 30/05/2025 | Libro | UNESCO | Colecciones especiales Planta alta | 30/05/2025 | 30/05/2025 |
